Roland Garros : Palmarès Femmes - Statistiques

Statistiques générales
  • Ce quiz a été pris 321 fois
    215 depuis la dernière actualisation
  • Le résultat moyen est 28 sur 52
Statistiques - réponses
Année Femmes % Correct
2015 Serena Williams
92%
2013 Serena Williams
92%
2002 Serena Williams
92%
1999 Steffi Graf
77%
1996 Steffi Graf
77%
1995 Steffi Graf
77%
1993 Steffi Graf
77%
1988 Steffi Graf
77%
1987 Steffi Graf
77%
2007 Justine Henin
76%
2006 Justine Henin
76%
2005 Justine Henin
76%
2003 Justine Henin
76%
2011 Li Na
75%
2014 Maria Sharapova
75%
2012 Maria Sharapova
75%
2000 Mary Pierce
71%
1984 Martina Navratilova
69%
1982 Martina Navratilova
69%
1992 Monica Seles
65%
1991 Monica Seles
65%
1990 Monica Seles
65%
1998 Arantxa Sanchez
61%
1994 Arantxa Sanchez
61%
1989 Arantxa Sanchez
61%
1986 Chris Evert
59%
1985 Chris Evert
59%
1983 Chris Evert
59%
1980 Chris Evert
59%
1979 Chris Evert
59%
1975 Chris Evert
59%
1974 Chris Evert
59%
2018 Simona Halep
59%
2016 Garbiñe Muguruza
52%
2017 Jelena Ostapenko
48%
2019 Ashleigh Barty
44%
2010 Francesca Schiavone
44%
2008 Ana Ivanovic
39%
2001 Jennifer Capriati
37%
2009 Svetlana Kuznetsova
33%
1972 Billie Jean King
32%
2004 Anastasia Myskina
25%
1971 Evonne Goolagong
24%
1997 Iva Majoli
18%
1973 Margaret Smith Court
18%
1970 Margaret Smith Court
18%
1969 Margaret Smith Court
18%
1981 Hana Mandlikova
14%
1978 Virginia Ruzici
8%
1977 Mima Jausovec
6%
1976 Sue Barker
6%
1968 Nancy Richey
5%
Aucun quiz correspondant
Distribution des résultats
% des personnes avec chaque résultat
Percentile par nombre de réponses
Votre historique - résultats
Vous n’avez pas pris ce quiz depuis la dernière actualisation